000 00369 a2200157 4500
001 74974
020 _a9788535718669
040 _cAnchieta - Colégio São Paulo
100 _aCereja, Roberto Willian
240 1 0 _aLiteratura brasileira
_lpor
245 1 0 _aLiteratura brasileira
300 _a592
362 0 _a2013
650 4 _aLiteratura brasileira
942 _cBK
999 _c74974
_d74974